[Event "Recife Pernambuco op"]
[Site "Recife"]
[Date "2014.11.21"]
[Round "1"]
[White "Bezerra Lima, Jhonatan William"]
[Black "Carlos, Eduardo"]
[Result "0-1"]
[WhiteElo "1794"]
[BlackElo "1792"]
[PlyCount "64"]
[EventDate "2014.11.21"]
[EventType "swiss"]
[EventRounds "5"]
[EventCountry "BRA"]
[SourceTitle "CBM 163 Extra"]
[Source "ChessBase"]
[SourceDate "2014.12.23"]
[SourceVersion "1"]
[SourceVersionDate "2014.12.23"]
[SourceQuality "1"]

1. d4 c6 2. e4 d5 3. exd5 cxd5 4. c4 e6 5. Nf3 Nf6 6. Nc3 a6 7. Bg5 Be7 8. Bxf6 Bxf6 9. cxd5 exd5 10. Qb3 0-0 11. Be2 Nc6 12. 0-0 Nxd4 13. Nxd4 Bxd4 14. Rad1 Bxc3 15. bxc3 Qc7 16. Bf3 Be6 17. Bxd5 Bxd5 18. Rxd5 Rad8 19. Rfd1 Rxd5 20. Rxd5 g6 21. c4 Re8 22. g3 Re4 23. c5 Re1+ 24. Kg2 Qc6 25. Qf3 Re8 26. h4 Kg7 27. Kh2 Re5 28. Qc3 Qxd5 29. f4 Qxc5 30. Qb2 Qb5 31. Qa1 f6 32. fxe5 Qxe5 0-1